ARRUPE JESUIT UNIVERSITY

CORONAVIRUS -STOP THE SPREAD - CLEAN,DISINFECT,COVER

Healing the wound of humanity (Record no. 120039)

MARC details
000 -LEADER
fixed length control field 00435nam a22001337a 4500
008 - FIXED-LENGTH DATA ELEMENTS--GENERAL INFORMATION
fixed length control field 140212b xxu||||| |||| 00| 0 eng d
050 ## - LIBRARY OF CONGRESS CALL NUMBER
Classification number BX1750.N44K41 1993
100 ## - MAIN ENTRY--PERSONAL NAME
Personal name Ker, Ian
9 (RLIN) 8611
245 ## - TITLE STATEMENT
Title Healing the wound of humanity
Remainder of title the spirituality of John Henry Newman /
Statement of responsibility, etc Ian Ker
260 ## - PUBLICATION, DISTRIBUTION, ETC. (IMPRINT)
Place of publication, distribution, etc London
Name of publisher, distributor, etc Darton, Longman and Todd
Date of publication, distribution, etc 1993
300 ## - PHYSICAL DESCRIPTION
Extent 128p. ; 22cm.
600 ## - SUBJECT ADDED ENTRY--PERSONAL NAME
Personal name Newman, John Henry
9 (RLIN) 8612
942 ## - ADDED ENTRY ELEMENTS (KOHA)
Source of classification or shelving scheme Library of Congress Classification
Item type Monograph ( Printed materials)
Holdings
Withdrawn status Lost status Source of classification or shelving scheme Damaged status Not for loan Home library Current library Shelving location Date acquired Total Checkouts Full call number Barcode Date last seen Price effective from Koha item type
    Library of Congress Classification     ARRUPE LIBRARY ARRUPE LIBRARY Main Collection 12/02/2014   BX1750.N44K41 1993 46411071 22/11/2017 12/02/2014 Monograph ( Printed materials)

 

Arrupe Library. PO Box MP320 Mt Pleasant, Harare, Zimbabwe
263 242 745411|librarian@aju.ac.zw